Royal Navy Dreadnoughts - Statistics

General Stats
  • This quiz has been taken 63 times
  • The average score is 37 of 49
Answer Stats
Class Date Commissioned Service Tenure Fate Answer % Correct
Dreadnought December 2, 1906 1906-1919 Scrapped in 1921 Dreadnought
95%
King George V November 16, 1912 1912-1926 Scrapped in 1926 King George V
95%
King George V October 1, 1940 1940-1959 Scrapped in 1959 King George V
95%
Queen Elizabeth December 22, 1914 1914-1948 Scrapped in 1948 Queen Elizabeth
95%
Revenge February 1, 1916 1916-1948 Scrapped in 1948 Revenge
95%
St Vincent March 1, 1910 1910-1917 Exploded due to an internal explosion while at anchor in Scapa Flow on July 9, 1917 Vanguard
95%
Vanguard May 12, 1946 1946-1960 Scrapped in 1960 Vanguard
95%
Bellerophon February 20, 1909 1909-1921 Scrapped in 1921 Bellerophon
93%
Iron Duke March 10, 1914 1914-1946 Scrapped in 1946 Iron Duke
93%
Nelson August 15, 1927 1927-1949 Scrapped in 1949 Nelson
93%
Colossus August 8, 1911 1911-1923 Scrapped in 1928 Colossus
91%
King George V January 19, 1941 1941-1941 Sunk by Japanese aircraft in the South China Sea on December 10, 1941 Prince of Wales
91%
Revenge May 1, 1916 1914-1939 Sunk by U-47 while at anchorage in Scapa Flow on October 14, 1939 Royal Oak
91%
Erin July 31, 1914 (Date of Seizure from Turkey) 1914-1922 Scrapped in 1922 Erin
88%
Orion January 2, 1912 1912-1922 Scrapped in 1922 Orion
88%
Canada October 15, 1915 1915-1958 Resold to Chile as Almirante Latorre, scrapped in 1959 Canada
86%
St Vincent May 3, 1910 1910-1921 Scrapped in 1921 St Vincent
86%
Queen Elizabeth March 8, 1915 1915-1945 Scrapped in 1947 Warspite
86%
Agincourt August 7, 1914 1914-1922 Scrapped in 1922 Agincourt
84%
Queen Elizabeth Cancelled N/A N/A Agincourt
84%
Queen Elizabeth October 19, 1915 1915-1941 Sunk by U-331 on November 25, 1941 Barham
84%
Neptune January 11, 1911 1911-1921 Scrapped in 1922 Neptune
84%
King George V August 19, 1941 1941-1958 Scrapped in 1958 Duke of York
81%
Nelson December 7, 1927 1927-1948 Scrapped in 1948 Rodney
81%
Revenge April 18, 1916 1916-1944 Transferred to the USSR as Arkhangelsk, returned in dreadful condition in 1949 and promptly scrapped the same year Royal Sovereign
81%
Lion Cancelled N/A N/A Lion
79%
Queen Elizabeth February 1, 1916 1916-1944 Scrapped in 1948 Malaya
79%
King George V April 14, 1942 1942-1958 Scrapped in 1958 Anson
74%
King George V June 17, 1942 1942-1958 Scrapped in 1958 Howe
72%
Revenge September 1, 1917 1917-1948 Scrapped in 1948 Ramillies
70%
Queen Elizabeth January 13, 1916 1916-1948 Scrapped in 1948 Valiant
70%
Orion June 15, 1912 1912-1921 Scrapped in 1926 Thunderer
67%
Lion Cancelled N/A N/A Thunderer
67%
Iron Duke November 10, 1914 1914-1931 Sunk as a target ship in 1931 Emperor of India
65%
Revenge December 30, 1916 1916-1948 Scrapped in 1948 Resolution
63%
Bellerophon May 15, 1909 1909-1921 Scrapped in 1921 Temeraire
63%
Lion Cancelled N/A N/A Temeraire
63%
King George V October 15, 1913 1913-1914 Sunk by a mine, October 27, 1914 Audacious
60%
Iron Duke October 7, 1914 1914-1929 Scrapped in 1929 Benbow
60%
Orion December 1, 1912 1912-1922 Scrapped in 1922 Conqueror
60%
Lion Cancelled N/A N/A Conqueror
60%
Iron Duke June 2, 1914 1914-1932 Scrapped in 1932 Marlborough
60%
King George V October 31, 1913 1913-1924 Scrapped in 1926 Ajax
56%
Colossus July 31, 1911 1911-1921 Scrapped in 1921 Hercules
56%
King George V May 22, 1913 1913-1924 Sunk as blockship on June 7, 1944 Centurion
49%
Bellerophon June 9, 1909 1909-1920 Scrapped in 1922 Superb
49%
St Vincent April 19, 1910 1910-1921 Scrapped in 1922 Collingwood
47%
Orion April 27, 1912 1912-1923 Sunk as a target in 1925 Monarch
44%
Revenge Cancelled N/A N/A Resistance
26%
No matching quizzes found
Score Distribution
Percent of People with Each Score
Percentile by Number Answered
Your Score History
You have not taken this quiz